| 000 | 00818aam a2200301 4500 | ||
|---|---|---|---|
| 005 | 20240508110951.0 | ||
| 008 | 150313b2010 xxu||||| |||| 00| 0 spa d | ||
| 020 | _a9789977474243 | ||
| 041 | _aESP | ||
| 082 | _a551.312 C352g | ||
| 100 |
_aCastillo Muñoz, Rolando _924158 |
||
| 245 | _aGlaciaciones e interglaciaciones de Costa Rica | ||
| 260 | _aCosta Rica | ||
| 260 | _bLitografía e Imprenta LIL, S.A | ||
| 260 | _c2010 | ||
| 300 | _a224 páginas | ||
| 650 | _aCOSTA RICA | ||
| 650 | _aGLACIALOGÍA | ||
| 650 | _aGLACIARES | ||
| 650 | _aGLACIACIONES | ||
| 650 | _aGEOLOGÍA REGIONAL | ||
| 650 | _aCORDILLERA VOLCÁNICA CENTRAL | ||
| 650 | _aCORDILLERA DE TALAMANCA | ||
| 650 | _aCORDILLERA VOLCÁNICA DE GUANACASTE | ||
| 650 | _aCORDILLERA DE TILARÁN | ||
| 942 |
_cBK _2ddc |
||
| 999 |
_c2772 _d2772 |
||